[Event "BUL-chT 61th"]
[Site "Albena"]
[Date "2011.06.08"]
[Round "7.2"]
[White "Panbukchian, Valentin"]
[Black "Dobrev, Nanko"]
[Result "1-0"]
[WhiteElo "2385"]
[BlackElo "2400"]
[PlyCount "37"]
[EventDate "2011.06.02"]
[EventType "team-tourn"]
[EventRounds "7"]
[EventCountry "BUL"]
[SourceTitle "CBM 142 Extra"]
[Source "ChessBase"]
[SourceDate "2011.06.27"]
[SourceVersion "1"]
[SourceVersionDate "2011.06.27"]
[SourceQuality "1"]
[WhiteTeam "Plovdiv Lokomotiv 2000"]
[BlackTeam "Plovdiv Lokomotiv"]
[WhiteTeamCountry "BUL"]
[BlackTeamCountry "BUL"]

1. f4 d5 2. Nf3 Bg4 3. Ne5 Bf5 4. c4 Nd7 5. Qb3 Nxe5 6. fxe5 e6 7. Qxb7 Ne7 8. Nc3 Qb8 9. Qa6 c6 10. cxd5 exd5 11. d4 Qb6 12. Qa4 Bd7 13. e3 Ng6 14. Bd3 Be7 15. 0-0 Rd8 16. Qc2 0-0 17. Bd2 Rb8 18. Rab1 Be6 19. Na4 1-0

[Event "BUL-chT 61th"]
[Site "Albena"]
[Date "2011.06.07"]
[Round "6.3"]
[White "Dobrev, Nanko"]
[Black "Petrov, Marian"]
[Result "0-1"]
[WhiteElo "2400"]
[BlackElo "2531"]
[PlyCount "80"]
[EventDate "2011.06.02"]
[EventType "team-tourn"]
[EventRounds "7"]
[EventCountry "BUL"]
[SourceTitle "CBM 142 Extra"]
[Source "ChessBase"]
[SourceDate "2011.06.27"]
[SourceVersion "1"]
[SourceVersionDate "2011.06.27"]
[SourceQuality "1"]
[WhiteTeam "Plovdiv Lokomotiv"]
[BlackTeam "Vidin Nayden Voynov"]
[WhiteTeamCountry "BUL"]
[BlackTeamCountry "BUL"]

1. Nf3 g6 2. d4 Bg7 3. c4 c5 4. d5 d6 5. e4 e6 6. Be2 exd5 7. cxd5 Nf6 8. Nc3 0-0 9. Bf4 Bg4 10. Nd2 Bxe2 11. Qxe2 Nh5 12. Be3 Nd7 13. 0-0 a6 14. a4 Re8 15. Kh1 Ne5 16. g4 Nf6 17. Rg1 Rb8 18. g5 Nh5 19. f4 Nd7 20. e5 dxe5 21. f5 Nf4 22. Qg4 Nb6 23. Bxf4 exf4 24. f6 Nxd5 25. Nce4 Bf8 26. Qf3 Qc7 27. Rac1 Rbd8 28. Nb3 b6 29. a5 Qe5 30. Nbd2 bxa5 31. b3 Ne3 32. Ra1 Rd4 33. Rxa5 Rxe4 34. Nxe4 Qxe4 35. Qxe4 Rxe4 36. Rxa6 f3 37. Ra2 Rf4 38. Rf2 c4 39. bxc4 Nxc4 40. Re1 h6 0-1

[Event "BUL-chT 61th"]
[Site "Albena"]
[Date "2011.06.06"]
[Round "5.3"]
[White "Dobrev, Nanko"]
[Black "Velikov, Petar"]
[Result "1/2-1/2"]
[WhiteElo "2400"]
[BlackElo "2414"]
[PlyCount "63"]
[EventDate "2011.06.02"]
[EventType "team-tourn"]
[EventRounds "7"]
[EventCountry "BUL"]
[SourceTitle "CBM 142 Extra"]
[Source "ChessBase"]
[SourceDate "2011.06.27"]
[SourceVersion "1"]
[SourceVersionDate "2011.06.27"]
[SourceQuality "1"]
[WhiteTeam "Plovdiv Lokomotiv"]
[BlackTeam "Sofia Lokomotiv"]
[WhiteTeamCountry "BUL"]
[BlackTeamCountry "BUL"]

1. d4 d5 2. c4 c6 3. Nf3 Nf6 4. cxd5 cxd5 5. Nc3 Nc6 6. Bf4 Bf5 7. e3 e6 8. Bd3 Bxd3 9. Qxd3 Bd6 10. Bxd6 Qxd6 11. 0-0 0-0 12. Rfc1 Rfc8 13. a3 Na5 14. Ne5 Nc4 15. Nxc4 Rxc4 16. Ne2 Rac8 17. Rxc4 Rxc4 18. Rc1 Rxc1+ 19. Nxc1 Qc6 20. Ne2 Kf8 21. Qc3 Qxc3 22. Nxc3 Ke7 23. f3 Nd7 24. Kf2 Nb6 25. b3 Nc8 26. Ke2 Nd6 27. Kd3 a6 28. e4 dxe4+ 29. Nxe4 Nxe4 30. fxe4 f5 31. Ke3 g5 32. g3 1/2-1/2

[Event "BUL-chT 61th"]
[Site "Albena"]
[Date "2011.06.02"]
[Round "1.4"]
[White "Dobrev, Nanko"]
[Black "Milchev, Nikolay"]
[Result "0-1"]
[WhiteElo "2400"]
[BlackElo "2371"]
[PlyCount "92"]
[EventDate "2011.06.02"]
[EventType "team-tourn"]
[EventRounds "7"]
[EventCountry "BUL"]
[SourceTitle "CBM 142 Extra"]
[Source "ChessBase"]
[SourceDate "2011.06.27"]
[SourceVersion "1"]
[SourceVersionDate "2011.06.27"]
[SourceQuality "1"]
[WhiteTeam "Plovdiv Lokomotiv"]
[BlackTeam "Maritsa Iztok Radnevo"]
[WhiteTeamCountry "BUL"]
[BlackTeamCountry "BUL"]

1. Nf3 Nc6 2. e4 e5 3. Nc3 Nf6 4. g3 d5 5. exd5 Nxd5 6. Bg2 Bg4 7. 0-0 Nxc3 8. bxc3 Qd7 9. Qe1 Bd6 10. Nd4 Ne7 11. Nf3 f6 12. Rb1 c6 13. d4 exd4 14. Nxd4 0-0-0 15. f3 Bf5 16. Nxf5 Nxf5 17. Kh1 h5 18. Qf2 h4 19. Qxa7 Bb8 20. Qa8 h3 21. Bf4 hxg2+ 22. Kxg2 Nd6 23. Rf2 b5 24. c4 Qb7 25. Qxb7+ Kxb7 26. cxb5 cxb5 27. a4 b4 28. c3 b3 29. Rxb3+ Kc6 30. Rfb2 Bc7 31. c4 g5 32. c5 gxf4 33. cxd6 Rxd6 34. Rc2+ Kd7 35. Rb7 Rc6 36. Rxc6 Kxc6 37. Rb4 Bd6 38. Re4 Rg8 39. Re6 fxg3 40. f4 gxh2+ 41. Kxh2 Rg6 42. Kh3 Kd5 43. f5 Rh6+ 44. Kg4 Be5 45. a5 Rh2 46. Rb6 Rb2 0-1

[Event "Plovdiv Bulgarian op 33rd"]
[Site "Plovdiv"]
[Date "2011.02.05"]
[Round "8"]
[White "Dobrev, Nanko"]
[Black "Arsovic, Zoran"]
[Result "0-1"]
[WhiteElo "2399"]
[BlackElo "2445"]
[PlyCount "63"]
[EventDate "2011.01.30"]
[EventType "swiss"]
[EventRounds "9"]
[EventCountry "BUL"]
[SourceTitle "CBM 140 Extra"]
[Source "ChessBase"]
[SourceDate "2011.03.01"]
[SourceVersion "1"]
[SourceVersionDate "2011.03.01"]
[SourceQuality "1"]

1. Nf3 Nf6 2. b3 c5 3. Bb2 e6 4. e3 b6 5. d4 Bb7 6. Bd3 cxd4 7. exd4 d6 8. 0-0 g6 9. a4 Bg7 10. a5 bxa5 11. Bc3 0-0 12. Bxa5 Qd7 13. Bd2 Nc6 14. Ra4 Nd5 15. c3 Nb6 16. Ra2 e5 17. dxe5 dxe5 18. Ba6 Bxa6 19. Rxa6 e4 20. Ng5 Qd3 21. Ra2 Rad8 22. Qg4 Rfe8 23. Re1 Nd5 24. Qe2 Qxe2 25. Rxe2 f5 26. Ra1 Nf4 27. Re1 Nd3 28. Rf1 Rc8 29. b4 h6 30. Nh3 g5 31. g3 Re7 32. Be3 0-1

[Event "Plovdiv Bulgarian op 33rd"]
[Site "Plovdiv"]
[Date "2011.02.03"]
[Round "6"]
[White "Dobrev, Nanko"]
[Black "Miron, Lucian Costin"]
[Result "1-0"]
[WhiteElo "2399"]
[BlackElo "2509"]
[PlyCount "65"]
[EventDate "2011.01.30"]
[EventType "swiss"]
[EventRounds "9"]
[EventCountry "BUL"]
[SourceTitle "CBM 140 Extra"]
[Source "ChessBase"]
[SourceDate "2011.03.01"]
[SourceVersion "1"]
[SourceVersionDate "2011.03.01"]
[SourceQuality "1"]

1. Nf3 Nf6 2. b3 c5 3. Bb2 e6 4. e3 b6 5. d4 Bb7 6. Bd3 Be7 7. 0-0 0-0 8. c4 d6 9. Nc3 Nbd7 10. Qe2 a6 11. Rad1 Re8 12. Bb1 Bf8 13. Ng5 Qc7 14. d5 exd5 15. Nxd5 Bxd5 16. cxd5 g6 17. a4 Bg7 18. h4 Qb7 19. h5 Nxh5 20. Bxg7 Nxg7 21. Qf3 Ne5 22. Qh3 h5 23. f4 Ng4 24. e4 Qe7 25. e5 dxe5 26. d6 Qd8 27. Nxf7 Kxf7 28. fxe5+ Kg8 29. Bxg6 Rxe5 30. Qf3 Ra7 31. d7 Ra8 32. Qxa8 Qxa8 33. d8Q+ 1-0

[Event "Plovdiv Bulgarian op 33rd"]
[Site "Plovdiv"]
[Date "2011.02.02"]
[Round "5"]
[White "Yordanova, Svetla"]
[Black "Dobrev, Nanko"]
[Result "0-1"]
[WhiteElo "2156"]
[BlackElo "2399"]
[PlyCount "160"]
[EventDate "2011.01.30"]
[EventType "swiss"]
[EventRounds "9"]
[EventCountry "BUL"]
[SourceTitle "CBM 140 Extra"]
[Source "ChessBase"]
[SourceDate "2011.03.01"]
[SourceVersion "1"]
[SourceVersionDate "2011.03.01"]
[SourceQuality "1"]

1. e4 Nf6 2. e5 Nd5 3. d4 d6 4. Nf3 g6 5. Bc4 Nb6 6. Bb3 Bg7 7. 0-0 Nc6 8. Qe2 d5 9. h3 0-0 10. a4 a5 11. Na3 Be6 12. c3 Qd7 13. Ng5 Rae8 14. f4 f6 15. Nxe6 Qxe6 16. Be3 Qd7 17. Nc2 Kh8 18. Ne1 fxe5 19. fxe5 Rxf1+ 20. Qxf1 Rf8 21. Qe2 Nd8 22. Nd3 Qc6 23. Bg5 Rf7 24. Rf1 Bf8 25. Nc5 Rxf1+ 26. Qxf1 Kg8 27. Be3 Nf7 28. Qf3 e6 29. Qf4 Bxc5 30. dxc5 Nd7 31. c4 d4 32. Qxd4 Ndxe5 33. Bc2 Qe8 34. Qc3 Nc6 35. Be4 Nfd8 36. b3 Qe7 37. Kh1 Qg7 38. Qd3 Qe5 39. Bf3 Kf8 40. Bg1 Ke7 41. Qd2 Qf5 42. Qh6 Qf7 43. Qd2 Nb4 44. Be3 Ke8 45. Bg5 Ndc6 46. Qc3 Kd7 47. Qh8 Nd3 48. Bh4 Nxc5 49. Qa8 Nxb3 50. Qxb7 Nbd4 51. Bg3 e5 52. Bd5 Qf6 53. Kh2 Nd8 54. Qb2 c6 55. Be4 Kc8 56. Qb6 Ne2 57. Qa6+ Kd7 58. Qa7+ Ke6 59. Qe3 Nxg3 60. Qxg3 Qf4 61. Qxf4 exf4 62. h4 Ke5 63. Bf3 c5 64. Bd5 Ne6 65. Kh3 h5 66. g4 fxg3 67. Kxg3 Nd4 68. Bf7 Nf5+ 69. Kh3 Kf6 70. Bg8 g5 71. hxg5+ Kxg5 72. Bd5 h4 73. Be6 Ng7 74. Bd7 Nf5 75. Be6 Kf4 76. Bg8 Ke5 77. Bh7 Ne3 78. Kxh4 Nxc4 79. Kg3 Kd4 80. Kf2 Nb2 0-1

[Event "Bansko op"]
[Site "Bansko"]
[Date "2010.12.15"]
[Round "4"]
[White "Dobrev, Nanko"]
[Black "Mastrovasilis, Athanasios"]
[Result "1-0"]
[WhiteElo "2376"]
[BlackElo "2556"]
[PlyCount "85"]
[EventDate "2010.12.13"]
[EventType "swiss"]
[EventRounds "9"]
[EventCountry "BUL"]
[SourceTitle "CBM 139 Extra"]
[Source "ChessBase"]
[SourceDate "2011.01.05"]
[SourceVersion "1"]
[SourceVersionDate "2011.01.05"]
[SourceQuality "1"]

1. d4 Nf6 2. Nf3 b6 3. c4 e6 4. a3 Bb7 5. Nc3 d5 6. cxd5 exd5 7. Bg5 Be7 8. Qa4+ c6 9. Bxf6 Bxf6 10. e3 0-0 11. Rd1 Nd7 12. Bd3 c5 13. Bf5 cxd4 14. Nxd4 Nc5 15. Qc2 g6 16. Bg4 Qe7 17. 0-0 Rad8 18. b4 Nd7 19. Bxd7 Rxd7 20. Qb3 Rc8 21. Rd3 Kg7 22. Rfd1 Ba6 23. b5 Bb7 24. Qa4 Rdc7 25. Nce2 Rc4 26. Qb3 Qc7 27. h3 Qe5 28. Nf4 Rc1 29. Qa4 Qe4 30. R3d2 R8c4 31. Qb3 R1c3 32. Qb2 Rxe3 33. Nh5+ gxh5 34. fxe3 Qxe3+ 35. Kh1 Qe4 36. Rd3 Be5 37. Qf2 Bc8 38. Nf3 Bf6 39. Rxd5 Bb7 40. Rd7 Rc8 41. Re1 Qg6 42. Rxb7 Rc2 43. Qf1 1-0

[Event "Kesarovski Georgiev Memorial 9th"]
[Site "Sunny Beach"]
[Date "2010.08.28"]
[Round "1"]
[White "Bielavsky, Jiri"]
[Black "Dobrev, Nanko"]
[Result "0-1"]
[WhiteElo "2000"]
[BlackElo "2394"]
[PlyCount "80"]
[EventDate "2010.08.28"]
[EventType "swiss"]
[EventRounds "9"]
[EventCountry "BUL"]
[SourceTitle "CBM 138 Extra"]
[Source "ChessBase"]
[SourceDate "2010.10.29"]
[SourceVersion "1"]
[SourceVersionDate "2010.10.29"]
[SourceQuality "1"]

1. e4 c5 2. Nf3 Qa5 3. Nc3 Nc6 4. d4 cxd4 5. Nxd4 Nf6 6. Nb3 Qc7 7. Be2 g6 8. Be3 Bg7 9. Qd2 d6 10. Bh6 0-0 11. 0-0 Be6 12. Bxg7 Kxg7 13. Nd4 Nxd4 14. Qxd4 Rfc8 15. Bd3 Kg8 16. Rfe1 Qc5 17. Qxc5 Rxc5 18. f4 Rac8 19. Re2 Kf8 20. Rae1 Nh5 21. g3 Ra5 22. a3 Bc4 23. Kf2 g5 24. Kf3 gxf4 25. gxf4 e5 26. Bxc4 Rxc4 27. Nd5 Rxd5 28. exd5 Rxf4+ 29. Ke3 f5 30. c3 Nf6 31. Rd1 Ke7 32. Rg2 Kf7 33. b3 Ng4+ 34. Kd2 Rf3 35. Rdg1 h5 36. a4 Kf6 37. b4 e4 38. Kc2 Ke5 39. Kb2 Rh3 40. Kb3 f4 0-1

[Event "BUL-ch op 32th"]
[Site "Plovdiv"]
[Date "2010.02.06"]
[Round "9"]
[White "Dobrev, Nanko"]
[Black "Livaja, Mario"]
[Result "0-1"]
[WhiteElo "2414"]
[BlackElo "2164"]
[PlyCount "44"]
[EventDate "2010.01.31"]
[EventType "swiss"]
[EventRounds "9"]
[EventCountry "BUL"]
[SourceTitle "CBM 134 Extra"]
[Source "ChessBase"]
[SourceDate "2010.03.03"]
[SourceVersion "1"]
[SourceVersionDate "2010.03.03"]
[SourceQuality "1"]

1. d4 Nf6 2. Nf3 c5 3. d5 d6 4. c4 b5 5. Nfd2 g6 6. e4 bxc4 7. Nc3 Bg7 8. Nxc4 0-0 9. Be2 Nbd7 10. 0-0 Nb6 11. Ne3 Bb7 12. Rb1 e6 13. dxe6 fxe6 14. e5 dxe5 15. Qb3 Qe7 16. Ng4 Nfd5 17. Bh6 Bxh6 18. Nxh6+ Kg7 19. Ng4 Nf4 20. f3 Qg5 21. Kh1 e4 22. Qc2 Nxe2 0-1

[Event "BUL-ch op 32th"]
[Site "Plovdiv"]
[Date "2010.02.05"]
[Round "8"]
[White "Drasko, Milan"]
[Black "Dobrev, Nanko"]
[Result "1-0"]
[WhiteElo "2537"]
[BlackElo "2414"]
[PlyCount "114"]
[EventDate "2010.01.31"]
[EventType "swiss"]
[EventRounds "9"]
[EventCountry "BUL"]
[SourceTitle "CBM 134 Extra"]
[Source "ChessBase"]
[SourceDate "2010.03.03"]
[SourceVersion "1"]
[SourceVersionDate "2010.03.03"]
[SourceQuality "1"]

1. Nf3 Nf6 2. g3 d5 3. Bg2 e6 4. c4 Be7 5. 0-0 0-0 6. b3 c6 7. Bb2 b5 8. Qc2 Nbd7 9. d3 a5 10. Nd4 Qb6 11. cxb5 cxb5 12. Qc6 Qxc6 13. Nxc6 Bc5 14. a3 Bb7 15. Nxa5 Rxa5 16. b4 Ra6 17. bxc5 Nxc5 18. Nd2 Rc8 19. Rfb1 Bc6 20. Bd4 Be8 21. f4 Na4 22. Rc1 Rac6 23. Nb3 Kf8 24. Bf3 Ke7 25. Kf2 g6 26. Ke1 Nd7 27. Rxc6 Rxc6 28. Kd2 f6 29. Rb1 Ra6 30. Na1 e5 31. fxe5 fxe5 32. Be3 d4 33. Bg5+ Kd6 34. Nc2 Nc3 35. Rb4 Nb6 36. Nxd4 Nbd5 37. Bxd5 Nxd5 38. Nxb5+ Kc5 39. Be7+ Kb6 40. Bd8+ Kc5 41. Nc7 Nxc7 42. Bxc7 Rxa3 43. Re4 Ra2+ 44. Ke3 Ba4 45. Bxe5 Bd1 46. Kf2 Kd5 47. Bc3 Rc2 48. Bf6 Ra2 49. g4 h5 50. gxh5 gxh5 51. Re5+ Kd6 52. Ke1 Bb3 53. Rxh5 Be6 54. Be5+ Ke7 55. Rg5 Bf7 56. h4 Ke6 57. h5 Ra5 1-0

[Event "FRA-chT1 0910"]
[Site "France"]
[Date "2009.12.13"]
[Round "7.2"]
[White "Dobrev, Nanko"]
[Black "Vajda, Levente"]
[Result "1-0"]
[WhiteElo "2377"]
[BlackElo "2557"]
[PlyCount "75"]
[EventDate "2009.09.27"]
[EventType "team-tourn"]
[EventRounds "11"]
[EventCountry "FRA"]
[SourceTitle "EXT 2011"]
[Source "ChessBase"]
[SourceDate "2010.11.26"]
[SourceVersion "1"]
[SourceVersionDate "2010.11.26"]
[SourceQuality "1"]

1. d4 Nf6 2. Nf3 g6 3. c4 Bg7 4. Nc3 0-0 5. e4 d6 6. Be2 e5 7. 0-0 Nc6 8. d5 Ne7 9. b4 a5 10. Ba3 axb4 11. Bxb4 Nd7 12. a4 Bh6 13. Nd2 f5 14. a5 Kh8 15. Nb3 Nf6 16. Bf3 fxe4 17. Nxe4 Nf5 18. c5 Nxe4 19. Bxe4 Bd7 20. Qd3 Qe8 21. Rfb1 Bb5 22. Qh3 Bg7 23. Ra3 Qf7 24. Nd2 Nd4 25. Kh1 Bd7 26. Qe3 Qxf2 27. cxd6 Nb5 28. dxc7 Nxa3 29. Qxa3 Rf4 30. Qd3 h5 31. Qg3 Bf8 32. Bc3 Bg7 33. Qxg6 Bf5 34. Bxf5 Rxf5 35. Qe6 h4 36. c8Q+ Rxc8 37. Qxc8+ Kh7 38. h3 1-0

[Event "Nantes op 8th"]
[Site "Nantes"]
[Date "2009.12.??"]
[Round "8"]
[White "Dobrev, Nanko"]
[Black "Colin, Vincent"]
[Result "1/2-1/2"]
[WhiteElo "2352"]
[BlackElo "2425"]
[PlyCount "84"]
[EventDate "2009.12.??"]
[EventType "swiss"]
[EventRounds "9"]
[EventCountry "FRA"]
[SourceTitle "CBM 134 Extra"]
[Source "ChessBase"]
[SourceDate "2010.03.03"]
[SourceVersion "1"]
[SourceVersionDate "2010.03.03"]
[SourceQuality "1"]

1. d4 Nf6 2. Nf3 g6 3. c4 Bg7 4. Nc3 0-0 5. e4 d6 6. Be2 Na6 7. 0-0 e5 8. d5 Nc5 9. Qc2 a5 10. Bg5 h6 11. Be3 Ng4 12. Bxc5 dxc5 13. h3 Nf6 14. Nxe5 Nxd5 15. cxd5 Bxe5 16. f4 Bd4+ 17. Kh2 c6 18. dxc6 bxc6 19. Bc4 a4 20. Nxa4 Qa5 21. Nc3 Qb4 22. Nd1 Ba6 23. Bxa6 Rxa6 24. a3 Qb5 25. Rf3 Rb8 26. Rc1 g5 27. fxg5 hxg5 28. Qc4 Qxc4 29. Rxc4 f6 30. Kg3 Kf7 31. Kg4 Re8 32. Nc3 Kg6 33. Rd3 Rb6 34. Kf3 Rxb2 35. Ne2 Rxe4 36. Kxe4 Rxe2+ 37. Kf3 Rf2+ 38. Kg3 Rf1 39. Rdxd4 cxd4 40. Rxd4 Rc1 41. a4 Kf5 42. a5 Ra1 1/2-1/2

[Event "Nantes op 8th"]
[Site "Nantes"]
[Date "2009.12.??"]
[Round "6"]
[White "Dobrev, Nanko"]
[Black "Fedorchuk, Sergey A"]
[Result "0-1"]
[WhiteElo "2352"]
[BlackElo "2655"]
[PlyCount "42"]
[EventDate "2009.12.??"]
[EventType "swiss"]
[EventRounds "9"]
[EventCountry "FRA"]
[SourceTitle "CBM 134 Extra"]
[Source "ChessBase"]
[SourceDate "2010.03.03"]
[SourceVersion "1"]
[SourceVersionDate "2010.03.03"]
[SourceQuality "1"]

1. d4 Nf6 2. Nf3 e6 3. c4 Bb4+ 4. Nbd2 0-0 5. a3 Be7 6. e3 b6 7. Qc2 c5 8. Bd3 cxd4 9. Nxd4 Bb7 10. 0-0 d5 11. Rd1 Nbd7 12. b4 Rc8 13. Bb2 e5 14. Nb5 a6 15. Nc3 dxc4 16. Bxc4 Rc7 17. Qd3 b5 18. Bb3 Qa8 19. e4 Rd8 20. Nd5 Nxd5 21. exd5 Nf6 0-1

[Event "Nikaia op 17th"]
[Site "Nikaia"]
[Date "2009.08.27"]
[Round "7"]
[White "Kouvatsos, Filippos"]
[Black "Dobrev, Nanko"]
[Result "0-1"]
[WhiteElo "2093"]
[BlackElo "2352"]
[PlyCount "90"]
[EventDate "2009.08.22"]
[EventType "swiss"]
[EventRounds "9"]
[EventCountry "GRE"]
[SourceTitle "CBM 132 Extra"]
[Source "ChessBase"]
[SourceDate "2009.11.03"]
[SourceVersion "1"]
[SourceVersionDate "2009.11.03"]
[SourceQuality "1"]

1. d4 Nf6 2. Nf3 d5 3. c4 e6 4. Bf4 Bb4+ 5. Nbd2 dxc4 6. Qa4+ Nc6 7. Ne5 Bd7 8. Nxc6 Bxc6 9. Qxb4 Nd5 10. Qxc4 Nxf4 11. e3 Nxg2+ 12. Bxg2 Bxg2 13. Rg1 Bd5 14. Qb5+ Bc6 15. Qe5 Qe7 16. Rxg7 0-0-0 17. 0-0-0 b6 18. Qh5 Be8 19. Qf3 Rd5 20. Nc4 Kb8 21. Ne5 Qh4 22. Rdg1 Rf8 23. Rg8 Qe7 24. R8g7 c5 25. Qf4 Kb7 26. Rxh7 cxd4 27. exd4 Ka6 28. Ng6 fxg6 29. Rxe7 Rxf4 30. Rxe8 Rxf2 31. Rd1 Rb5 32. Rd2 Rxd2 33. Kxd2 Rxb2+ 34. Kc3 Rxh2 35. Rxe6 Rxa2 36. Rxg6 Ra4 37. d5 Kb5 38. Rc6 Rh4 39. Rc7 a5 40. d6 Rh6 41. d7 Rd6 42. Kb3 Rd5 43. Kc3 Ka6 44. Kc4 Rd1 45. Kb3 b5 0-1

[Event "Nikaia op 17th"]
[Site "Nikaia"]
[Date "2009.08.26"]
[Round "6"]
[White "Dobrev, Nanko"]
[Black "Nikolaidis, Ioannis"]
[Result "0-1"]
[WhiteElo "2352"]
[BlackElo "2529"]
[PlyCount "64"]
[EventDate "2009.08.22"]
[EventType "swiss"]
[EventRounds "9"]
[EventCountry "GRE"]
[SourceTitle "CBM 132 Extra"]
[Source "ChessBase"]
[SourceDate "2009.11.03"]
[SourceVersion "1"]
[SourceVersionDate "2009.11.03"]
[SourceQuality "1"]

1. d4 Nf6 2. Nf3 e6 3. c4 b6 4. a3 Bb7 5. Nc3 d5 6. cxd5 exd5 7. Bg5 Be7 8. Bxf6 Bxf6 9. Qb3 0-0 10. Rd1 Re8 11. g3 c5 12. Bg2 Nc6 13. Nxd5 Na5 14. Nxf6+ Qxf6 15. Qd3 Be4 16. Qe3 Bc2 17. Qg5 Bxd1 18. Qxf6 gxf6 19. Kxd1 Rad8 20. e3 cxd4 21. exd4 Nb3 22. Re1 Rxe1+ 23. Nxe1 Nxd4 24. Nd3 Rc8 25. Ne1 Kg7 26. Be4 f5 27. Bd3 f4 28. gxf4 Rc6 29. Kd2 Nb3+ 30. Kd1 Kh6 31. Nf3 Rd6 32. Kc2 Nd4+ 0-1

[Event "Nikaia op 17th"]
[Site "Nikaia"]
[Date "2009.08.23"]
[Round "3"]
[White "Rousis, Mihail"]
[Black "Dobrev, Nanko"]
[Result "0-1"]
[WhiteElo "2075"]
[BlackElo "2352"]
[PlyCount "98"]
[EventDate "2009.08.22"]
[EventType "swiss"]
[EventRounds "9"]
[EventCountry "GRE"]
[SourceTitle "CBM 132 Extra"]
[Source "ChessBase"]
[SourceDate "2009.11.03"]
[SourceVersion "1"]
[SourceVersionDate "2009.11.03"]
[SourceQuality "1"]

1. e4 c5 2. c3 Qa5 3. Nf3 Nc6 4. Na3 Nf6 5. Qc2 d5 6. exd5 Nxd5 7. Nc4 Qc7 8. a4 g6 9. Qe4 Nf6 10. Qh4 Bg7 11. d4 cxd4 12. Nxd4 Nxd4 13. Qxd4 0-0 14. Bf4 Qc6 15. Ne5 Qe4+ 16. Qxe4 Nxe4 17. Bc4 g5 18. Nxf7 e6 19. Nxg5 Rxf4 20. Nxe6 Bxe6 21. Bxe6+ Kf8 22. 0-0 Rd8 23. Rad1 Rxd1 24. Rxd1 Nc5 25. Bd5 Nxa4 26. g3 Nxb2 27. Ra1 Ra4 28. Rb1 Bxc3 29. Bxb7 a5 30. Rc1 Rc4 31. Bd5 Rc5 32. Ba2 a4 33. Rc2 Nd3 34. Be6 a3 35. Re2 Re5 36. Rxe5 Bxe5 37. f4 Ke7 38. Bg8 Bc7 39. Kf1 Nb4 40. Ke2 a2 41. Bxa2 Nxa2 42. Kf3 Nb4 43. Kg4 Kf6 44. Kh5 Kg7 45. Kg5 Nd5 46. Kf5 Ne3+ 47. Ke6 Nf1 48. f5 Bd8 49. Kd7 Bf6 0-1

[Event "Teteven op 24th"]
[Site "Teteven"]
[Date "2009.08.20"]
[Round "8"]
[White "Dobrev, Nanko"]
[Black "Galunov, Todor"]
[Result "1-0"]
[WhiteElo "2352"]
[BlackElo "2341"]
[PlyCount "77"]
[EventDate "2009.08.15"]
[EventType "swiss"]
[EventRounds "9"]
[EventCountry "BUL"]
[SourceTitle "CBM 131 Extra"]
[Source "ChessBase"]
[SourceDate "2009.09.03"]
[SourceVersion "2"]
[SourceVersionDate "2009.09.16"]
[SourceQuality "1"]

1. d4 c5 2. d5 Nf6 3. c4 e6 4. Nc3 exd5 5. cxd5 d6 6. e4 g6 7. Be2 Bg7 8. Nf3 0-0 9. Bf4 a6 10. a4 Bg4 11. Nd2 Bxe2 12. Qxe2 Re8 13. 0-0 Nh5 14. Be3 Nd7 15. a5 Nhf6 16. f4 Qe7 17. Rfe1 h5 18. h3 h4 19. Qf3 Rab8 20. Bf2 Nh5 21. Nc4 Bd4 22. Bxd4 cxd4 23. Na4 Qf6 24. Rf1 Ng3 25. Rfe1 Rbc8 26. b3 d3 27. e5 dxe5 28. fxe5 Qxf3 29. gxf3 d2 30. Red1 Nxe5 31. Nxe5 Rxe5 32. Rxd2 Rd8 33. Nb6 Kg7 34. Kf2 f5 35. Rc1 Kf6 36. b4 g5 37. d6 f4 38. d7 Ke7 39. Rc8 1-0

[Event "Albena op"]
[Site "Albena"]
[Date "2009.06.26"]
[Round "7"]
[White "Dobrev, Nanko"]
[Black "Ivanov, Tsvetalin"]
[Result "1-0"]
[WhiteElo "2366"]
[BlackElo "2109"]
[PlyCount "37"]
[EventDate "2009.06.20"]
[EventType "swiss"]
[EventRounds "9"]
[EventCountry "BUL"]
[SourceTitle "CBM 130 Extra"]
[Source "ChessBase"]
[SourceDate "2009.07.02"]
[SourceVersion "2"]
[SourceVersionDate "2009.07.15"]
[SourceQuality "1"]

1. Nf3 d5 2. e3 c5 3. Bb5+ Bd7 4. Qe2 a6 5. Bxd7+ Nxd7 6. 0-0 e6 7. d3 Qc7 8. e4 0-0-0 9. a4 h6 10. exd5 exd5 11. d4 Ngf6 12. c4 cxd4 13. cxd5 Nc5 14. Nxd4 Rxd5 15. Be3 Qd7 16. Qc4 Kb8 17. Nc3 Rh5 18. Rfd1 Qc7 19. Bf4 1-0